Vincitori Golden Boy - Statistics

Statistiche generali
  • Questo quiz è stato fatto 26 volte
    4 dall'ultimo reset
  • Il punteggio medio è 18 su 22
Statistiche sulle risposte
Edizione Nazione Squadra Calciatore % Corretto
2020 Norvegia Borussia Dortmund Eling Haaland
100%
2022 Spagna Barcellona Gavi
100%
2019 Portogallo Benfica / Atletico Madrid João Félix
100%
2023 Inghilterra Borussia Dortmund / Real Madrid Jude Bellingham
100%
2017 Francia Monaco / Paris Saint-Germain Kylian Mbappé
100%
2024 Spagna Barcellona Lamine Yamal
100%
2005 Argentina Barcellona Lionel Messi
100%
2018 Paesi Bassi Ajax Matthijs de Ligt
100%
2013 Francia Juventus Paul Pogba
100%
2021 Spagna Barcellona Pedri
100%
2016 Portogallo Benfica / Renato Sanches Renato Sanches
100%
2009 Brasile Milan Alexandre Pato
75%
2012 Spagna Malaga Isco
75%
2010 Italia Inter / Manchester City Mario Balotelli
75%
2011 Germania Borussia Dortmund Mario Götze
75%
2014 Inghilterra Liverpool Raheem Sterling
75%
2004 Inghilterra Everton / Manchester United Wayne Rooney
75%
2008 Brasile BManchester Utd Anderson
50%
2015 Francia Monaco / Manchester United Anthony Martial
50%
2006 Sagna Arsenal Cesc Fàbregas
50%
2003 Paesi Bassi Ajax Rafael van der Vaart
50%
2007 Argentina Atlético Madrid Sergio Agüero
50%
Nessun quiz corrispondente trovato
Distribuzione punteggi
Percentuale di utenti per punteggio
Percentile per numero di risposta
I tuoi punteggi nel tempo
Non hai fatto questo quiz dall'ultimo reset